000 01218nam a2200301 c 4500
003 BLK
005 20180420223832.0
008 180408b bul|||||r ||||||| ||bul||
010 _aKNG00075809000
020 _a978-954-26-0545-4
_bиздат.: Хермес
040 _aBLK
041 _aBUL
_cBUL
080 _aПеруанска литература
_b821.134.2(85)
_x-31
_z821.134.2(85)-31
100 1 _aВаргас Льоса, Марио
_eпърви автор
_9281807
700 1 _aКостадинова, Върбинка
_eпрев. от исп.
_9295419
139 _aВаргас Льоса, Марио
_bВ 22
245 1 0 _aЛудориите на лошото момиче
_bРоман
_cМарио Варгас Льоса; прев. от исп. Върбинка Костадинова.
257 _aPER
260 Пловдив
_bХермес
_c2007
_fХасково : Полиграфюг
300 _a352 с.
_c21 см
380 _aX
500 _aОриг. загл. Travesuras de la nina mala / Mario Vargas Lliosa.
852 _aЦб 234427
856 4 _qpdf
_u
856 4 _qpdf
_u
942 _cKNG
_n0
944 _aCR
_c20.06.2007
_kМилена_Ачева
944 _aED
_c11.05.2017
_kВиолета_Тройчева
999 _c71439
_d71439